Telekomunikačné zariadenia vo fonde Liptovského múzea (Budovanie fondu, jeho odborné spracovanie, využitie)

Bibliographic Details
Main Author: Weiss, Viliam (Author)
Format: Article
Language:Slovak
Subjects:

MARC

LEADER 00000nab a2200000 a 4500
001 vtls000421013
003 SK-MaSNL
005 20260303235625.0
008 120925c1990 xo 0 slo
015 |a SNBRA19rr/mm-uuuuu 
035 |a CL0421141 
040 |a SNKBUCL  |b slo  |c SNKBUCL  |e AACR2 
041 0 |a slo 
044 |a xo  |c SK 
080 |a 069.51:654  |2 1981 
080 |a 654  |2 1981 
080 |a 069.6.02  |2 1981 
100 1 |a Weiss, Viliam  |4 aut  |9 672484 
245 1 0 |a Telekomunikačné zariadenia vo fonde Liptovského múzea  |b (Budovanie fondu, jeho odborné spracovanie, využitie)  |c Viliam Weiss 
610 2 7 |a Liptovské múzeum  |2 snkbucl  |9 33044 
650 0 7 |a technické zbierky  |2 snkbucl  |9 161725 
651 7 |a 5304  |2 snkbucl  |9 277630 
655 7 |a články zo zborníkov  |2 snkbucl  |9 166140 
773 0 |t Zborník Stredoslovenského múzea v Banskej Bystrici. Stredné Slovensko 9. Spoločenské vedy  |d Martin : Osveta, 1990 
850 |a Slovenská národná knižnica v Martine  |a MTA001 
852 |a SNK  |b KIS3GCP 
958 |a RK 
992 |a RZB 
999 |c 2526921  |d 2528851